Rozpoznaj książę po bohaterach - Statystyki

Ogólne statystyki
  • Ten quiz został rozwiązany 179 razy
  • Średni wynik to 5 z 15
Statystyki odpowiedzi
Hint Odpowiedź % Poprawnych
Lis, Róża, Pilot Antoine de Saint-Exupéry, Mały Książę
89%
Stanisław Wokulski, Ignacy Rzecki Bolesław Prus, Lalka
88%
Alina, Kirkor Juliusz Słowacki, Balladyna
86%
Rodion Raskolnikow, lichwiarka Alona Fiodor Dostojewski, Zbrodnia i kara
75%
Tomasz Judym, Korzecki Stefan Żeromski, Ludzie bezdomni
49%
Major, Napoleon, Snowball, Bokser George Orwell, Folwark zwierzęcy
33%
Pimko, Kopyrda Witold Gombrowicz, Ferdydurke
27%
Bastian Baltazar Buks, Atreju, Michael Ende, Nie kończąca się historia
8%
Ralf, Prosiaczek William Golding, Władca much
8%
Izmael, Ahab, Queequeg Herman Melville, Moby Dick
6%
Lenina, Dzikus Aldous Huxley, Nowy wspaniały świat
5%
Wiktor (...), Henryk Clerval Mary Shelley, Frankenstein
4%
Piotr Ohey, tygrys Sławomir Mrożek, Męczeństwo Piotra Ohey'a
4%
Kris Kelvin, Snaut Stanisław Lem, Solaris
4%
kapitan van Toch, G.H. Bondy, Povondra Karel Čapek, Inwazja jaszczurów
2%
Nie znaleziono quizów pasujących do podanych kryteriów
Rozkład punktacji
Procent ludzi z każdym wynikiem
Percentyl według liczby udzielonych odpowiedzi
Twoja historia wyników
Nie rozwiązałeś tego quizu